000 00714cam a2200193 4500500
005 20260111080159.0
041 _afre
042 _adc
100 1 0 _ades études de l’évaluation et des statistiques, Direction de la recherche
_eauthor
700 1 0 _aBarnouin, Timothée
_eauthor
245 0 0 _aVue d’ensemble. La protection sociale en France en 2014
260 _c2017.
500 _a11
690 _afinances sociales
690 _aprotection sociale
690 _asécurité sociale
786 0 _nGestion & Finances Publiques | 1 | 1 | 2017-01-25 | p. 58-66 | 1969-1009
856 4 1 _uhttps://droit.cairn.info/revue-gestion-et-finances-publiques-2017-1-page-58?lang=fr&redirect-ssocas=7080
999 _c1615968
_d1615968